00233nam a2200073 4500100003300000245009100033260002800124300000700152 aGunasekara,Shashikala Ruwini aPCR analysis of pork contamination and nitrite determination in processed beef samples aRjagiriyabIchemcc2018 a31